00352 2200145 4500001002100000005001500021035002000036245004700056100001000103300001100113260004800124082000800172084001400180990001200194INLIS00000000000234720250528103839 a0010-05250006391 aElektrical Sensitivity /cDr. Anies, M.Kes0 aAnies a94 hlm aJakarta :bPT. Elek Media Komputindo,c2006 a600 a600 ANI e a0712345